<?xml version="1.0" encoding="UTF-8"?>
<record
    xmlns:xsi="http://www.w3.org/2001/XMLSchema-instance"
    xsi:schemaLocation="http://www.loc.gov/MARC21/slim http://www.loc.gov/standards/marcxml/schema/MARC21slim.xsd"
    xmlns="http://www.loc.gov/MARC21/slim">

  <leader>01078nam a22002655a 4500</leader>
  <controlfield tag="003">OSt</controlfield>
  <controlfield tag="005">20161102134032.0</controlfield>
  <controlfield tag="008">161102s2015    ua     frb    000 0 ara d</controlfield>
  <datafield tag="015" ind1=" " ind2=" ">
    <subfield code="a">2015/1695</subfield>
  </datafield>
  <datafield tag="020" ind1=" " ind2=" ">
    <subfield code="a">9789779025476</subfield>
  </datafield>
  <datafield tag="040" ind1=" " ind2=" ">
    <subfield code="a">EG-ScBUE</subfield>
    <subfield code="b">ara</subfield>
    <subfield code="c">EG-ScBUE</subfield>
  </datafield>
  <datafield tag="043" ind1=" " ind2=" ">
    <subfield code="a">f-ua---</subfield>
    <subfield code="a">f-ly---</subfield>
    <subfield code="a">e-fr---</subfield>
  </datafield>
  <datafield tag="082" ind1="0" ind2="4">
    <subfield code="a">345.025</subfield>
    <subfield code="b">&#x639; &#x637; &#x64A;</subfield>
    <subfield code="2">22</subfield>
  </datafield>
  <datafield tag="100" ind1="1" ind2=" ">
    <subfield code="a">&#x639;&#x637;&#x64A;&#x629;&#x60C; &#x62D;&#x645;&#x62F;&#x64A; &#x631;&#x62C;&#x628;.</subfield>
  </datafield>
  <datafield tag="245" ind1="1" ind2="2">
    <subfield code="a">&#x627;&#x644;&#x62C;&#x646;&#x62D;&#x629; &#x627;&#x644;&#x645;&#x628;&#x627;&#x634;&#x631;&#x629; &#x636;&#x62F; &#x627;&#x644;&#x645;&#x648;&#x638;&#x641; &#x627;&#x644;&#x639;&#x627;&#x645; /</subfield>
    <subfield code="c">&#x62D;&#x645;&#x62F;&#x64A; &#x631;&#x62C;&#x628; &#x639;&#x637;&#x64A;&#x629;.</subfield>
  </datafield>
  <datafield tag="260" ind1=" " ind2=" ">
    <subfield code="a">[&#x62F;. &#x645;. :</subfield>
    <subfield code="b">&#x62F;. &#x646;.&#x60C;</subfield>
    <subfield code="c">2015]</subfield>
    <subfield code="e">(&#x627;&#x644;&#x642;&#x627;&#x647;&#x631;&#x629; :</subfield>
    <subfield code="f">&#x647;&#x627;&#x64A; &#x643;&#x648;&#x627;&#x644;&#x64A;&#x62A;&#x64A;&#x644;&#x644;&#x62F;&#x639;&#x627;&#x64A;&#x629; &#x648;&#x627;&#x644;&#x625;&#x639;&#x644;&#x627;&#x646;)</subfield>
  </datafield>
  <datafield tag="300" ind1=" " ind2=" ">
    <subfield code="a">175 &#x635;. &#x61B;</subfield>
    <subfield code="c">24 &#x633;&#x645;.</subfield>
  </datafield>
  <datafield tag="504" ind1=" " ind2=" ">
    <subfield code="a">&#x64A;&#x634;&#x62A;&#x645;&#x644; &#x639;&#x644;&#x649; &#x625;&#x631;&#x62C;&#x627;&#x639;&#x627;&#x62A; &#x628;&#x628;&#x644;&#x64A;&#x648;&#x62C;&#x631;&#x627;&#x641;&#x64A;&#x629;.</subfield>
  </datafield>
  <datafield tag="650" ind1=" " ind2="0">
    <subfield code="a">&#x627;&#x644;&#x645;&#x648;&#x638;&#x641;&#x648;&#x646;</subfield>
    <subfield code="x">&#x648;&#x636;&#x639; &#x642;&#x627;&#x646;&#x648;&#x646;&#x64A;&#x60C; &#x642;&#x648;&#x627;&#x646;&#x64A;&#x646;&#x60C; &#x625;&#x644;&#x62E;.</subfield>
    <subfield code="z">&#x645;&#x635;&#x631;.</subfield>
    <subfield code="2">BUEsh</subfield>
  </datafield>
  <datafield tag="650" ind1=" " ind2="0">
    <subfield code="a">&#x627;&#x644;&#x645;&#x648;&#x638;&#x641;&#x648;&#x646;</subfield>
    <subfield code="x">&#x648;&#x636;&#x639; &#x642;&#x627;&#x646;&#x648;&#x646;&#x64A;&#x60C; &#x642;&#x648;&#x627;&#x646;&#x64A;&#x646;&#x60C; &#x625;&#x644;&#x62E;.</subfield>
    <subfield code="z">&#x644;&#x64A;&#x628;&#x64A;&#x627;.</subfield>
    <subfield code="2">BUEsh</subfield>
  </datafield>
  <datafield tag="650" ind1=" " ind2="0">
    <subfield code="a">&#x627;&#x644;&#x645;&#x648;&#x638;&#x641;&#x648;&#x646;</subfield>
    <subfield code="x">&#x648;&#x636;&#x639; &#x642;&#x627;&#x646;&#x648;&#x646;&#x64A;&#x60C; &#x642;&#x648;&#x627;&#x646;&#x64A;&#x646;&#x60C; &#x625;&#x644;&#x62E;.</subfield>
    <subfield code="z">&#x641;&#x631;&#x646;&#x633;&#x627;.</subfield>
    <subfield code="2">BUEsh</subfield>
  </datafield>
  <datafield tag="651" ind1=" " ind2=" ">
    <subfield code="2">BUEsh</subfield>
  </datafield>
  <datafield tag="653" ind1=" " ind2=" ">
    <subfield code="b">LLAAWW</subfield>
    <subfield code="c">November2016</subfield>
  </datafield>
  <datafield tag="942" ind1=" " ind2=" ">
    <subfield code="2">ddc</subfield>
  </datafield>
  <datafield tag="999" ind1=" " ind2=" ">
    <subfield code="c">22996</subfield>
    <subfield code="d">22968</subfield>
  </datafield>
  <datafield tag="952" ind1=" " ind2=" ">
    <subfield code="0">0</subfield>
    <subfield code="1">0</subfield>
    <subfield code="2">ddc</subfield>
    <subfield code="4">0</subfield>
    <subfield code="7">0</subfield>
    <subfield code="8">DarN.AR.</subfield>
    <subfield code="a">MAIN</subfield>
    <subfield code="b">MAIN</subfield>
    <subfield code="c">1ST</subfield>
    <subfield code="d">2016-11-02</subfield>
    <subfield code="e">Purchase</subfield>
    <subfield code="g">35.00</subfield>
    <subfield code="h">2815</subfield>
    <subfield code="o">345.025 &#x639; &#x637; &#x64A;</subfield>
    <subfield code="p">000034670</subfield>
    <subfield code="r">2025-07-15 00:00:00</subfield>
    <subfield code="v">43.25</subfield>
    <subfield code="y">BB</subfield>
  </datafield>
  <datafield tag="952" ind1=" " ind2=" ">
    <subfield code="0">0</subfield>
    <subfield code="1">0</subfield>
    <subfield code="2">ddc</subfield>
    <subfield code="4">0</subfield>
    <subfield code="7">0</subfield>
    <subfield code="8">DarN.AR.</subfield>
    <subfield code="a">MAIN</subfield>
    <subfield code="b">MAIN</subfield>
    <subfield code="c">1ST</subfield>
    <subfield code="d">2016-11-02</subfield>
    <subfield code="e">Purchase</subfield>
    <subfield code="g">35.00</subfield>
    <subfield code="h">2815</subfield>
    <subfield code="o">345.025 &#x639; &#x637; &#x64A;</subfield>
    <subfield code="p">000034671</subfield>
    <subfield code="r">2025-07-15 00:00:00</subfield>
    <subfield code="v">43.75</subfield>
    <subfield code="y">BB</subfield>
  </datafield>
</record>
